Music, Math, or Medicine? - Statistics

General Stats
  • This quiz has been taken 1,324 times
    1,267 since last reset
  • The average score is 12 of 18
Answer Stats
Question Answer % Correct
Crescendo Music
98%
Coefficient Math
94%
Alopecia Medicine
92%
Jejunum Medicine
87%
Claves Music
79%
Acromegaly Medicine
73%
Macula Medicine
72%
Parametrize Math
67%
Demisemiquaver Music
66%
Embouchure Music
65%
Arcsine Math
62%
Permutation Math
57%
Asymptote Math
57%
Extremum Math
51%
Enthesis Medicine
49%
Aeolian Music
43%
Dehiscence Medicine
41%
Pythagorean Comma Music
7%
No matching quizzes found
Score Distribution
Percent of People with Each Score
Percentile by Number Answered
Your Score History
You have not taken this quiz since the last reset